[Event "GER-ch U25 op-B"]
[Site "Oberhof"]
[Date "2013.05.22"]
[Round "6"]
[White "Kovac, Linda"]
[Black "Fischer, Elias"]
[Result "1/2-1/2"]
[WhiteElo "1250"]
[BlackElo "1452"]
[PlyCount "42"]
[EventDate "2013.05.19"]
[EventType "swiss"]
[EventRounds "9"]
[EventCountry "GER"]
[SourceTitle "CBM 154 Extra"]
[Source "ChessBase"]
[SourceDate "2013.06.25"]
[SourceVersion "2"]
[SourceVersionDate "2013.06.25"]
[SourceQuality "1"]

1. e4 e6 2. d4 d5 3. Nd2 c5 4. c3 Nc6 5. Ngf3 Bd7 6. Bd3 Qb6 7. dxc5 Bxc5 8. 0-0 Nf6 9. b4 Bd6 10. Re1 Ne5 11. Nxe5 Bxe5 12. Bb2 Qc7 13. Rc1 Bxh2+ 14. Kf1 Be5 15. Qe2 dxe4 16. Nxe4 Nxe4 17. Qxe4 Bf4 18. Rc2 h5 19. g3 Bg5 20. c4 Bc6 21. Qf5 0-0-0 1/2-1/2

[Event "GER-ch U10"]
[Site "Oberhof"]
[Date "2012.05.28"]
[Round "4"]
[White "Voss, Henrike"]
[Black "Fischer, Elias"]
[Result "1/2-1/2"]
[WhiteElo "1002"]
[BlackElo "1377"]
[PlyCount "101"]
[EventDate "2012.05.27"]
[EventType "swiss"]
[EventRounds "11"]
[EventCountry "GER"]
[SourceTitle "CBM 148 Extra"]
[Source "ChessBase"]
[SourceDate "2012.06.22"]
[SourceVersion "1"]
[SourceVersionDate "2012.06.22"]
[SourceQuality "1"]

1. e4 e5 2. Nf3 Nc6 3. Bc4 Bc5 4. b4 Bxb4 5. c3 Bc5 6. d4 exd4 7. cxd4 Bb4+ 8. Bd2 Bxd2+ 9. Qxd2 d6 10. 0-0 Nf6 11. Nc3 0-0 12. h3 Qe7 13. Rfe1 Na5 14. Nd5 Nxd5 15. Bxd5 Nc6 16. Bc4 Bd7 17. e5 Rad8 18. Re2 Be6 19. d5 dxe5 20. Nxe5 Nxe5 21. Rxe5 Qf6 22. Qg5 Qxg5 23. Rxg5 Bd7 24. Rd1 Bc6 25. Rd3 h6 26. Re5 Bd7 27. d6 cxd6 28. Rxd6 Bc6 29. Rxd8 Rxd8 30. Re7 Rf8 31. Kf1 g5 32. g3 Kg7 33. f4 gxf4 34. gxf4 Kg6 35. Kf2 f5 36. Kg3 b5 37. Bb3 a5 38. Rc7 Be4 39. a4 b4 40. Ra7 Ra8 41. Rxa8 Bxa8 42. Kh4 Bc6 43. Kg3 Kf6 44. Kh4 Ke7 45. Kh5 Bg2 46. h4 Kf6 47. Kxh6 Be4 48. Kh7 Bf3 49. Kh6 Bg4 50. h5 Be2 51. Bc2 1/2-1/2